Ohrozená oblasť: Slatinka

Podrobná bibliografia
Médium: Článok
Jazyk:slovenčina
ISSN:1335-0706
Predmet:

MARC

LEADER 00000nab a2200000 a 4500
001 vtls000555186
003 SK-MaSNL
005 20260303230048.0
008 150501c1995 xo 0 slo
015 |a SNBRB19rr/mm-uuuuu 
035 |a CL0555324 
040 |a SNKBUCL  |b slo  |c SNKBUCL  |e AACR2 
041 0 |a slo 
044 |a xo  |c SK 
080 |a 627.8(437.6):504.05(437.6):504.4.062.2(437.6)  |2 1981 
080 |a 504.05(437.6)  |2 1981 
080 |a 504.4.062.2(437.6)  |2 1981 
245 0 0 |a Ohrozená oblasť: Slatinka 
650 0 7 |a vodné nádrže  |2 snkbucl  |9 4190 
651 7 |a 5311  |2 snkbucl  |9 277975 
651 7 |a Slatinka nad Bebravou (Slovensko)  |2 snkbucl  |9 116534 
655 7 |a články z novín a časopisov  |2 snkbucl  |9 267496 
773 0 |t Ekopanoráma  |g Roč. 6, č. 3 (1995), s. 7  |x 1335-0706 
850 |a Slovenská národná knižnica v Martine  |a MTA001 
852 |a SNK  |b KIS3GCP 
958 |a RK 
958 |a SK 
992 |a RBX 
999 |c 2259903  |d 2261833